000 00474nam a2200181Ia 4500
001 9238
005 20260306160709.0
008 260306t2013||||xx |||||||||||||| ||spa||
041 _aESP
082 _a378
_bL565 V. 2
100 _aLondoño Orozco, Guillermo
_eAUT
245 0 _aPrácticas docentes universitarias:
_breflexiones desde sus escenarios
260 _c2013
300 _a407 páginas :
_c23 cm.
650 _aGEN
654 _aCED
942 _cLIB
_dJUS
_fJUS
_2ddc
_n
999 _c9238
_d9238